Efektívnosť spolupráce ochodných domov štátov RVHP v oblasti výmeny spotrebného tovaru záverečná práca postgraduálneho štúdia

Guardado en:
Detalles Bibliográficos
Autor principal: Hanáková, Alena
Autor Corporativo: Vysoká škola ekonomická v Bratislave
Otros Autores: Viestová, Kristína
Formato: Libro
Lenguaje:eslovaco
Publicado: Bratislava 1987
Etiquetas: Agregar Etiqueta
Sin Etiquetas, Sea el primero en etiquetar este registro!

MARC

LEADER 00000nam a2200000 4500
001 c023291
005 20230116095008.6
041 0 |a slo 
044 |a SK 
245 1 0 |a Efektívnosť spolupráce ochodných domov štátov RVHP v oblasti výmeny spotrebného tovaru  |b záverečná práca postgraduálneho štúdia  |c Alena Hanáková ; Ved. práce Kristína Viestová 
264 1 |a Bratislava  |c 1987 
300 |a 48 s. 
100 1 |a Hanáková, Alena 
700 1 |a Viestová, Kristína 
710 2 |a Vysoká škola ekonomická v Bratislave